00499nam a22001457a 4500003000500000005001700005008004100022050002800063100002900091245007600120260003200196300005300228500005700281650001500338PILC20150604162049.0150604b xxu||||| |||| 00| 0 eng d aHD 2877.3.A1b.Y19 2009 aYamabuki, Minoru Aeko B. aPoint of sales system of wincel enterprises /cMinoru Aeko B. Yamabuki. aLas Piñas :bSISC,c2009. ax, 80 pages :billustrations ;c28 cm. + e1 CD. aIncludes bibliographical references and appendices.  aSales tax.